CB Richard Ellis acquires Insignia Financial Group (Record no. 72250)

MARC details
000 -LEADER
fixed length control field 00992cam a2200205 4500
001 - CONTROL NUMBER
control field WB3909-10
008 - FIXED-LENGTH DATA ELEMENTS--GENERAL INFORMATION
fixed length control field 030306n2003 000 0 eng u
035 ## - SYSTEM CONTROL NUMBER
System control number (Sirsi) u121552
245 ## - TITLE STATEMENT
Title CB Richard Ellis acquires Insignia Financial Group
260 ## - PUBLICATION, DISTRIBUTION, ETC.
Date of publication, distribution, etc. 2003
490 ## - SERIES STATEMENT
Series statement CB Richard Ellis News Release
Volume/sequential designation 18 February 2003
490 ## - SERIES STATEMENT
Series statement Estates Gazette
Volume/sequential designation (0307) 15 February 2003, 27(6)
520 ## - SUMMARY, ETC.
Summary, etc. A deal has been struck to create the world'd biggest broker with the takeover of Insignia Financial Group by CB Richard Ellis. CBRE already owns CB Hillier Parker in the UK, making it the largest in the UK and causing concern that conflicts over valuation will drive clients to rival and also create duplication in the UK and Europe. CB Richard Ellis Press Release http://www.cbre.com/About+Us/Media+Centre/Media+Releases/default.htm
590 ## - LOCAL NOTE (RLIN)
Local note WB
650 ## - SUBJECT ADDED ENTRY--TOPICAL TERM
Topical term or geographic name entry element MERGERS
650 ## - SUBJECT ADDED ENTRY--TOPICAL TERM
Topical term or geographic name entry element CBRE
650 ## - SUBJECT ADDED ENTRY--TOPICAL TERM
Topical term or geographic name entry element INSIGNIA FINANCIAL
690 ## - LOCAL SUBJECT ADDED ENTRY--TOPICAL TERM (OCLC, RLIN)
Topical term or geographic name as entry element MANAGEMENT-BUSINESS MANAGEMENT
942 ## - ADDED ENTRY ELEMENTS (KOHA)
Suppress in OPAC 0
Holdings
Withdrawn status Lost status Source of classification or shelving scheme Damaged status Not for loan Home library Current library Shelving location Date acquired Total Checkouts Full call number Barcode Date last seen Copy number Price effective from Koha item type
    Dewey Decimal Classification     London London News article 06/03/2003   WB3909-10 121552-1001 06/08/2019 1 06/08/2019 News article